000 00491nam a2200181Ia 4500
008 230718s9999 xx 000 0 und d
020 _a9788131705339
041 _aeng
082 _a621.815
_bNOR
100 _aNorton R.L.
_9133855
245 _aMachine Design
_bAn Integrated Approach
250 _a2nd ed.
260 _c2006
_bPearson
300 _a1078
365 _cRs.
_b909.00
700 _aNorton R.L.
_9133855
906 _dO:0531627-Sep-2016B:SE/SI/329226-Sep-2016
_cMECH
_b1181.7
999 _c343269
_d343269